Welcome to the Holygrace Academy Library

Please use search bar below to get started

COMPETITION KIT (Record no. 642)

MARC details
000 -LEADER
fixed length control field 00284nam a22001217a 4500
082 ## - DEWEY DECIMAL CLASSIFICATION NUMBER
Classification number 510
Item number ARO/C
100 ## - MAIN ENTRY--AUTHOR NAME
Personal name O.P.ARORA, V.K.BHANDARI
245 ## - TITLE STATEMENT
Title COMPETITION KIT
Remainder of title CLASS XII
260 ## - PUBLICATION, DISTRIBUTION, ETC. (IMPRINT)
Place of publication JALANDHAR
Name of publisher S.DINESH & CO
300 ## - PHYSICAL DESCRIPTION
Number of Pages 192
650 ## - SUBJECT ADDED ENTRY--TOPICAL TERM
Topical Term MATHS FOR CLASS XII
Geographic subdivision INDIA
942 ## - ADDED ENTRY ELEMENTS (KOHA)
Koha item type Books
Holdings
Withdrawn status Lost status Collection code Home library Current library Shelving location Date acquired Source of acquisition Full call number Accession Number Koha item type
    Reference Main Library Main Library SHELF-10 D PLUS 2 -MATHS 05/06/2017 purchase 510 ARO/C 04626 Books